Manažment zdravotného stavu pacientov prostredníctvom telemedicínskych služieb

Saved in:
Bibliographic Details
Main Author: Žňava, Eduard (Author)
Other Authors: Lehocki, Fedor (Thesis advisor)
Format: Manuscript Book
Language:Slovak
Published: 2022
Subjects:
Online Access:http://is.stuba.sk/zp/portal_zp.pl?podrobnosti=155223
Tags: Add Tag
No Tags, Be the first to tag this record!

MARC

LEADER 00000ntm a22000003a 4500
001 stuzp88125
003 SK-STU
005 20220625211134.7
007 ta
008 150427s2015----xo-----f-mn---000-0-slo-d
040 |a STU  |b slo 
041 0 |a slo 
100 1 |a Žňava, Eduard  |u 070200  |4 aut  |U FIIT Fakulta informatiky a informačných technológií  |T FIIT Ústav informatiky, informačných systémov a softvérového inžinierstva  |X 103190  |U I200  |Y 179  |7 103190 
242 0 1 |a Management of patients' health status using telemedicine services  |y eng 
245 1 0 |a Manažment zdravotného stavu pacientov prostredníctvom telemedicínskych služieb 
260 |c 2022 
650 4 |a EKG  |2 slo 
650 4 |a frekvencia dýchania  |2 slo 
650 4 |a R-kmit  |2 slo 
650 4 |a spracovanie signálu  |2 slo 
650 4 |a signal processing  |2 eng 
650 4 |a ECG  |2 eng 
650 4 |a respiratory rate  |2 eng 
650 4 |a R-peak  |2 eng 
700 1 |a Lehocki, Fedor  |u 070200  |k Z1  |4 ths  |U FIIT Fakulta informatiky a informačných technológií  |T FIIT Ústav informatiky, informačných systémov a softvérového inžinierstva  |X 1888  |U I200  |Y 179  |7 000001888 
856 4 |u http://is.stuba.sk/zp/portal_zp.pl?podrobnosti=155223